| 000 | 00804nam a22002657a 4500 | ||
|---|---|---|---|
| 001 | 4501 | ||
| 003 | DO-SdBNP | ||
| 005 | 20231013093004.0 | ||
| 007 | 4501 | ||
| 008 | 160616b 19uu cl. 00| 0 spa d | ||
| 040 |
_aBPMSU _bspa _cBPMSU |
||
| 082 | 4 |
_a153.25 _bS446t _222 |
|
| 245 | 0 | 0 |
_aSecretos para triunfar en la vida : _brelaciones humanas / _c W. H. Sheldon ... [et al.] ; recopiló Eliécer Salesman. |
| 250 | _a20a. ed. | ||
| 260 |
_aBogotá : _b Editorial Centro Don Bosco, _c[190-?] |
||
| 300 |
_a174 p. ; _b20 cm. |
||
| 590 | _aInventariado, 2023/VM | ||
| 650 | 4 | _aTemperamento | |
| 650 | 4 | _aRelaciones humanas | |
| 650 | 4 | _aCarácter | |
| 650 | 4 | _aPersonalidad | |
| 700 | 1 |
_aSálesman, Eliécer, _d 1929-, _ecomp. |
|
| 910 | _aVMateo V. Cotrol de calidad. BPMSU | ||
| 942 |
_2ddc _cBK |
||
| 999 |
_c10418 _d10418 |
||